Statistics for Taylor Swift - Delicate Lyrics

Click here to take the quiz!

General Stats

  • This quiz has been taken 181 times
  • The average score is 485 of 506

Answer Stats

Answer% Correct
a
100%
delicate
100%
Delicate
100%
delicate?
100%
(Delicate)
100%
I
100%
Is
100%
me
100%
me?
100%
my
100%
My
100%
the
100%
can
99%
for
99%
it
99%
it?
99%
like
99%
that?
99%
that
99%
you
99%
You
99%
you)
99%
all
98%
been
98%
in
98%
never
98%
so
98%
We
98%
we
98%
any
97%
best
97%
can't
97%
('Cause
97%
'Cause
97%
cool
97%
head?
97%
Isn't
97%
it's
97%
know
97%
make
97%
promises
97%
said
97%
this
97%
This
97%
your
97%
you're
97%
babe?
96%
do
96%
do?
96%
Do
96%
must
96%
now
96%
to
96%
worse
96%
and
95%
when
95%
at?
94%
at
94%
But
94%
on
94%
reputation's
94%
Side
94%
where
94%
back
93%
drink
93%
ain't
92%
damn
92%
girls
92%
look
92%
with
92%
chill
91%
of
91%
too
91%
touch
91%
West
91%
blue
90%
East
90%
eyes
90%
hands
90%
mansion
90%
soon
90%
time
90%
view
90%
home
88%
mine
88%
think
88%
want
88%
yet?
88%
color
87%
into
87%
Oh
87%
Are
86%
Sometimes
86%
could
85%
ever
85%
Handsome
85%
pretend
85%
sleep
85%
don't
84%
meet
84%
things
84%
wonder
84%
fun
83%
hair
83%
Just
83%
share
83%
(Yeah
83%
dreaming
82%
up
82%
wanna
82%
here
81%
honey
81%
jeans
81%
seen
81%
Nikes
79%
bar
78%
Dark
78%
night
78%
Dive
77%
footsteps
77%
stairs
77%
Stay
77%
Come
75%
floor
71%
Third
71%
Long
70%
Echoes
69%
Phone
69%
lights
68%
black
65%
nightstand
63%

Score Distribution

Percentile by Number Answered

Percent of People with Each Score

Your Score History

You have not taken this quiz